[Event "Xtracon Chess Open 2018"]
[Site "Elsinore"]
[Date "2018.07.22"]
[Round "2"]
[White "Andersen, Daniel"]
[Black "Haugaard, Thomas"]
[Result "1-0"]
[WhiteElo "1917"]
[BlackElo "1697"]
[EventDate "2018.07.21"]
[WhiteFideId "1402714"]
[BlackFideId "1414330"]

1.c4 c5 2.Nc3 Nc6 3.Nf3 Nf6 4.e3 g6 5.d4 cxd4 6.exd4 d5 7.Qb3 Na5 8.Qb4 
Bg7 9.c5 O-O 10.Bd3 Nc6 11.Qa4 Bd7 12.Qb3 Na5 13.Qc2 Nc6 14.a3 e5 15.dxe5 
Re8 16.O-O Nxe5 17.Nxe5 Rxe5 18.Bf4 Rh5 19.Rac1 Bh6 20.Bxh6 Rxh6 21.Rfd1 
Qc7 22.g3 Qxc5 23.Qd2 Rh5 24.Ne2 Qd6 25.Nf4 Re5 26.Qa5 d4 27.Qd2 Bc6 28.
Bf1 Bf3 29.Be2 Bxe2 30.Nxe2 Rd5 31.Nf4 Ne4 32.Qc2 Re5 33.Qc7 Rb5 34.Qxd6 
Nxd6 35.Rxd4 Nf5 36.Rd7 Rxb2 37.Rcc7 Re8 38.Rxf7 Re1+ 39.Kg2 Rd1 40.Ne6 
Rdd2 41.Rf8# 1-0

[Event "Xtracon Chess Open 2018"]
[Site "Elsinore"]
[Date "2018.07.22"]
[Round "2"]
[White "Larsen, Hans Haagen"]
[Black "Christensen, Jacob Foged"]
[Result "0-1"]
[WhiteElo "1679"]
[BlackElo "1916"]
[EventDate "2018.07.21"]
[WhiteFideId "1409557"]
[BlackFideId "1439073"]

1.d4 Nf6 2.Bf4 g6 3.Nf3 Bg7 4.e3 d6 5.h3 O-O 6.Be2 c5 7.c3 Nbd7 8.O-O a6 
9.a4 b6 10.b4 Nd5 11.dxc5 Nxf4 12.exf4 dxc5 13.b5 Nf6 14.Ne5 axb5 15.Bxb5 
Qc7 16.Qf3 Ba6 17.Na3 Nh5 18.Bxa6 Rxa6 19.Nb5 Qc8 20.g4 Nf6 21.Nc6 Qb7 22.
Rfe1 e6 23.Red1 Rc8 24.Ne5 Qxf3 25.Nxf3 Nd5 26.Ne5 Nxf4 27.Nxf7 Ne2+ 28.
Kf1 Nxc3 29.Nfd6 Nxd1 30.Rxd1 Rf8 31.Nc7 Rxa4 32.Nxe6 Rfa8 33.Kg2 Be5 34.
Nb5 c4 35.f4 Bb2 36.Rb1 c3 37.Ned4 Rd8 0-1

[Event "Xtracon Chess Open 2018"]
[Site "Elsinore"]
[Date "2018.07.22"]
[Round "2"]
[White "Andersen, Dag"]
[Black "Kristensen, Thomas Overgaard"]
[Result "1-0"]
[WhiteElo "1915"]
[BlackElo "1696"]
[EventDate "2018.07.21"]
[WhiteFideId "1504568"]
[BlackFideId "1419803"]

1.Nf3 Nf6 2.d4 d5 3.c4 e6 4.g3 c6 5.Qc2 Nbd7 6.Bg2 Be7 7.O-O O-O 8.b3 Re8 
9.Bb2 Nf8 10.Ne5 Bd6 11.Nd2 Bd7 12.Rad1 Rc8 13.Qb1 Bb8 14.Ndf3 Re7 15.Ba3 
Re8 16.Ng5 Bxe5 17.dxe5 Ng4 18.Nf3 Ng6 19.Bd6 Qa5 20.h3 Nh6 21.c5 Nf5 22.
b4 Qd8 23.e4 Nh6 24.a4 a6 25.a5 f6 26.exf6 e5 27.fxg7 d4 28.Qc1 Nf7 29.Nd2
Be6 30.f4 Nxd6 31.f5 Qg5 32.cxd6 Qxg3 33.Rf3 Qg5 34.fxe6 Nh4 35.Rf2 Rxe6 
36.d7 Rf6 37.dxc8=Q+ Kxg7 38.Qg4 1-0

[Event "Xtracon Chess Open 2018"]
[Site "Elsinore"]
[Date "2018.07.22"]
[Round "2"]
[White "Nielsen, Jorgen Kamp"]
[Black "Voll, Oddvar U"]
[Result "0-1"]
[WhiteElo "1674"]
[BlackElo "1915"]
[EventDate "2018.07.21"]
[WhiteFideId "1413279"]
[BlackFideId "1533827"]

1.f4 d5 2.Nf3 Nf6 3.g3 Bg4 4.Ne5 Bf5 5.d3 Nbd7 6.Nf3 h6 7.Bg2 e6 8.O-O c6 
9.h3 Bd6 10.Qe1 Qc7 11.Nbd2 O-O-O 12.e4 dxe4 13.dxe4 Bh7 14.e5 Bc5+ 15.Kh2
Nd5 16.Ne4 Be7 17.Bd2 f5 18.Nd6+ Bxd6 19.exd6 Qxd6 20.c4 N5f6 21.Ba5 Rde8 
22.Ne5 Qe7 23.b4 Nxe5 24.fxe5 Ne4 25.b5 c5 26.Bxe4 fxe4 27.Bc3 Rhf8 28.Qe2
Rf5 29.a4 Ref8 30.a5 Qf7 31.Kg2 Rf3 32.Bd2 Qh5 33.h4 Qg4 34.Bf4 Rxg3+ 0-1

[Event "Xtracon Chess Open 2018"]
[Site "Elsinore"]
[Date "2018.07.22"]
[Round "2"]
[White "Damm-Frydenberg, Anders"]
[Black "Harders, Poul Erik"]
[Result "1-0"]
[WhiteElo "1909"]
[BlackElo "1693"]
[EventDate "2018.07.21"]
[WhiteFideId "1462970"]
[BlackFideId "1416251"]

1.e4 c5 2.Nf3 d6 3.Bb5+ Bd7 4.a4 a6 5.Bd3 Nc6 6.c3 Nf6 7.O-O e6 8.Bc2 Be7 
9.d3 Qc7 10.Re1 O-O 11.h3 Ne5 12.Nxe5 dxe5 13.a5 Rad8 14.Qf3 Bc6 15.Nd2 g6
16.Nc4 Nd7 17.Qg3 Bb5 18.Bh6 Rfe8 19.h4 Bxc4 20.dxc4 Nf6 21.Ba4 Nh5 22.Qf3
Rf8 23.Bxf8 Rxf8 24.Bd1 Rd8 25.g3 f5 26.Bc2 Rf8 27.exf5 exf5 28.Qd5+ Rf7 
29.Rxe5 Bd6 30.Re6 Bxg3 31.fxg3 Qxg3+ 32.Qg2 Qxh4 33.Qh2 Qg4+ 34.Kf2 Nf4 
35.Re3 Rd7 36.Kf1 Nh5 37.Qb8+ Kg7 38.Qe5+ Kh6 39.Qh2 f4 40.Qh3 Qg5 41.Rd3 
Re7 42.Re1 Rxe1+ 43.Kxe1 Qg1+ 44.Kd2 Qf2+ 45.Kc1 Kg5 46.Rd5+ Kh6 47.Bd1 
Qg3 48.Qh1 Qe3+ 49.Kc2 1-0

[Event "Xtracon Chess Open 2018"]
[Site "Elsinore"]
[Date "2018.07.22"]
[Round "2"]
[White "Warston, Hakan"]
[Black "Gula, Julian"]
[Result "0-1"]
[WhiteElo "1662"]
[BlackElo "1909"]
[EventDate "2018.07.21"]
[WhiteFideId "1717367"]
[BlackFideId "12954799"]

1.d4 d6 2.c4 e5 3.dxe5 dxe5 4.Qxd8+ Kxd8 5.a3 Be6 6.e4 Nd7 7.Be3 c6 8.Nf3 
f6 9.Be2 Bc5 10.Bxc5 Nxc5 11.Nc3 a5 12.O-O a4 13.Rad1+ Ke7 14.Rfe1 Nh6 15.
Nd2 Rhd8 16.Nf3 Nf7 17.h4 Nd6 18.Nd2 Nc8 19.Nf1 Nd6 20.Nd2 g6 21.f3 Nc8 
22.Nf1 Nb6 23.Ne3 Rd4 24.Nc2 Rxd1 25.Rxd1 Bxc4 26.Ne3 Bxe2 27.Nxe2 Rd8 28.
Rxd8 Kxd8 29.Nc1 Nb3 30.Nd3 Kd7 31.Kf1 Kd6 32.Ke2 Na5 33.Kd2 Nac4+ 34.
Nxc4+ Nxc4+ 35.Kc3 b5 36.Kb4 Ne3 37.g4 Nc2+ 38.Kc3 Nd4 39.Ne1 c5 40.Kd3 h5
41.Kc3 Kc6 42.Kd3 Kd7 43.Kc3 Kd6 44.Kd2 c4 45.Kc3 Kc5 46.Kd2 b4 47.Kc1 
bxa3 48.bxa3 c3 49.gxh5 gxh5 50.Kb1 Kc4 51.Ka2 Nb3 52.Kb1 Nd2+ 53.Kc2 Kd4 
54.Kd1 Ke3 55.Kc2 Nxf3 56.Nxf3 Kxf3 0-1

[Event "Xtracon Chess Open 2018"]
[Site "Elsinore"]
[Date "2018.07.22"]
[Round "2"]
[White "Nielsen, Carsten Juul"]
[Black "Overmark, Ole"]
[Result "1-0"]
[WhiteElo "1909"]
[BlackElo "1688"]
[EventDate "2018.07.21"]
[WhiteFideId "1402242"]
[BlackFideId "1410776"]

1.d4 Nf6 2.c4 c5 3.d5 b5 4.Qc2 g6 5.e4 d6 6.cxb5 Bg7 7.Nc3 Nbd7 8.Nf3 O-O 
9.Be2 Nb6 10.O-O a6 11.a4 axb5 12.Bxb5 Ba6 13.Bf4 Ne8 14.Rfe1 Nc7 15.Bc6 
Rb8 16.Bg5 Nc4 17.Ra2 Ne5 18.Nxe5 dxe5 19.Be3 Qd6 20.Nb5 Bxb5 21.axb5 Nxb5
22.Bxc5 Nd4 23.Qc4 Qf6 24.Bxd4 exd4 25.b4 Qd6 26.b5 Be5 27.g3 g5 28.Qd3 
Kh8 29.Qa3 h5 30.Qxd6 Bxd6 31.e5 Bc5 32.Rc1 Bb4 33.Ra4 Bc3 34.Kf1 f5 35.
Ra7 f4 36.Rxe7 fxg3 37.hxg3 h4 38.Kg2 h3+ 39.Kxh3 Rxf2 40.Kg4 Bd2 41.Rh1+ 
Kg8 42.d6 Rbf8 43.Bd5+ 1-0

[Event "Xtracon Chess Open 2018"]
[Site "Elsinore"]
[Date "2018.07.22"]
[Round "2"]
[White "Sorokin, Artem"]
[Black "Meyer, Juergen"]
[Result "1/2-1/2"]
[WhiteElo "1660"]
[BlackElo "1908"]
[EventDate "2018.07.21"]
[WhiteFideId "44133561"]
[BlackFideId "24661759"]

1.e4 e6 2.d4 d5 3.Nc3 Nf6 4.e5 Nfd7 5.f4 c5 6.Nf3 a6 7.Ne2 cxd4 8.Nexd4 
Nc6 9.c3 Nc5 10.Be3 Be7 11.Be2 O-O 12.O-O Qc7 13.Nb3 b6 14.Nfd4 Bd7 15.Bg4
Nxb3 16.Qxb3 Nxd4 17.cxd4 Rac8 18.Rac1 Qb7 19.Bf3 Bb5 20.Rfe1 Qd7 21.Qd1 
a5 22.Bd2 Rxc1 23.Qxc1 Rc8 24.Bc3 Bb4 25.Qd2 Bxc3 26.bxc3 Qc6 27.Rb1 Bc4 
28.a3 b5 29.h3 a4 30.Bd1 Qd7 31.Rb4 Qe7 32.Be2 Bxe2 33.Qxe2 Rxc3 34.Qxb5 
Rxa3 35.Rxa4 Rxa4 36.Qxa4 h5 37.Qc2 Qb4 38.Qc8+ Kh7 39.Qc2+ g6 40.Qf2 Qb1+
41.Kh2 Qe4 42.Kg1 Kg7 43.Kh2 Qf5 44.Kg1 Kh6 45.Qe3 g5 46.fxg5+ Qxg5 47.Qf2
Kg6 48.h4 Qf5 49.Qg3+ Kh7 50.Qf2 Qg6 51.Kh2 Kg7 52.Qg3 f6 53.exf6+ Kxf6 
54.Qe5+ Kf7 55.Qc7+ Kg8 56.Qd8+ Kh7 57.Qe7+ Kh6 58.Qf8+ Kh7 59.Qe7+ Kh6 
1/2-1/2

[Event "Xtracon Chess Open 2018"]
[Site "Elsinore"]
[Date "2018.07.22"]
[Round "2"]
[White "Christensen, Tommy"]
[Black "Rasmussen, Henning"]
[Result "1-0"]
[WhiteElo "1904"]
[BlackElo "1682"]
[EventDate "2018.07.21"]
[WhiteFideId "1423266"]
[BlackFideId "1410962"]

1.e4 e6 2.d4 d5 3.e5 c5 4.c3 Nc6 5.Nf3 Qb6 6.Bd3 Bd7 7.dxc5 Bxc5 8.O-O a5 
9.a4 f5 10.Nbd2 Qc7 11.Nb3 Bb6 12.Nbd4 Nxd4 13.cxd4 Ne7 14.Bg5 Nc6 15.Rc1 
Qb8 16.Bb5 Qa7 17.Nh4 O-O 18.Be3 Rf7 19.Nf3 h6 20.Qd2 Raf8 21.g3 g5 22.Kh1
Nd8 23.Nxg5 hxg5 24.Bxg5 Bxb5 25.Bf6 Rxf6 26.Qg5+ Kf7 27.Qxf6+ Ke8 28.Qg6+
Ke7 29.axb5 Nf7 30.Rc2 Nd8 31.Rc8 Rf7 32.Rfc1 Kf8 33.Qxe6 Kg7 34.Qe8 Rf8 
35.Qe7+ Rf7 36.Qg5+ Kf8 37.Qh6+ Kg8 38.Qg5+ Kf8 39.Rxd8+ Bxd8 40.Qxd8+ Kg7
41.Rc8 1-0

[Event "Xtracon Chess Open 2018"]
[Site "Elsinore"]
[Date "2018.07.22"]
[Round "2"]
[White "Nielsen, Leo Kresten Roland"]
[Black "Degerfeldt, Sven"]
[Result "0-1"]
[WhiteElo "1653"]
[BlackElo "1902"]
[EventDate "2018.07.21"]
[WhiteFideId "1426095"]
[BlackFideId "1717430"]

1.e4 c5 2.Bc4 e6 3.Nc3 a6 4.a4 Nc6 5.Nf3 Nf6 6.d4 cxd4 7.Nxd4 Qc7 8.O-O 
Nxd4 9.Qxd4 Bc5 10.Qd3 O-O 11.h3 d6 12.Bb3 Bd7 13.Bg5 Bc6 14.Rad1 Rfe8 15.
Bxf6 gxf6 16.Ne2 Kh8 17.Ng3 Rg8 18.Qc3 Qe7 19.Rd3 Rg6 20.Kh2 Rag8 21.Qe1 
Bd7 22.f4 Qf8 23.f5 Rg5 24.Qc3 e5 25.Qc4 Be8 26.Rff3 h5 27.Rd2 Qg7 28.Qd3 
h4 29.Bd5 Rxg3 30.Rxg3 Qxg3+ 31.Qxg3 hxg3+ 32.Kh1 Kg7 33.c3 Bxa4 34.b4 Bf2
35.Bxb7 Rb8 36.Bxa6 Rb6 37.Bf1 Rc6 38.c4 Bb3 39.b5 Rb6 40.Rb2 Bd1 41.Rb1 
Bc2 42.Rb2 Bxe4 43.Ra2 Bxf5 44.Ra8 Be4 45.Rc8 f5 46.Rc7 Kf6 47.h4 f4 48.
Be2 Rb7 49.Rc8 Ra7 0-1

[Event "Xtracon Chess Open 2018"]
[Site "Elsinore"]
[Date "2018.07.22"]
[Round "2"]
[White "Skjoldager, Flemming"]
[Black "Yilmaz, Kazim"]
[Result "0-1"]
[WhiteElo "1902"]
[BlackElo "1669"]
[EventDate "2018.07.21"]
[WhiteFideId "1406515"]
[BlackFideId "1514326"]

1.b3 d5 2.Bb2 Nf6 3.e3 c5 4.Nf3 Nc6 5.Bb5 Bd7 6.O-O e6 7.c4 dxc4 8.Bxc4 
Bd6 9.Nc3 O-O 10.d4 cxd4 11.Nxd4 Nxd4 12.Qxd4 Bc6 13.Rad1 Be7 14.Qe5 Qb8 
15.Nb5 Qxe5 16.Bxe5 Bxb5 17.Bxb5 a6 18.Be2 Rad8 19.Bf3 Nd5 20.g3 Bf6 21.
Bxf6 gxf6 22.Rd4 Rd7 23.Rc1 Rfd8 24.Rc5 Ne7 25.Rxd7 Rxd7 26.Kf1 f5 27.Ke2 
b6 28.Rc4 Nd5 29.Rc6 Nb4 30.Rxb6 Nxa2 31.Rc6 Nb4 32.Rc4 a5 33.Rc8+ Kg7 34.
Rc5 Rd3 35.Rxa5 Rxb3 36.Rb5 Rb2+ 37.Kf1 Nd3 38.Rxb2 Nxb2 39.Be2 Na4 40.Bd1
Nc3 41.Bc2 Nd5 42.Ke2 h6 43.h3 Nb4 44.Bb3 Nc6 45.f4 Ne7 46.Kd3 Ng8 47.Bd1 
Nf6 48.Bf3 Kf8 49.Kd4 Ke7 50.g4 fxg4 51.hxg4 Ne8 52.e4 f6 53.Be2 Ng7 54.
Bd1 Kd6 55.e5+ fxe5+ 56.fxe5+ Ke7 57.Kc5 Ne8 58.Kc6 Ng7 59.Be2 Ne8 60.Bd3 
Nf6 61.Be2 Nd7 62.Bd1 Nxe5+ 63.Kc5 Nd3+ 64.Kd4 Nf2 65.Be2 Kf6 66.Ke3 Nh3 
67.Kf3 Ng1+ 0-1

[Event "Xtracon Chess Open 2018"]
[Site "Elsinore"]
[Date "2018.07.22"]
[Round "2"]
[White "Petersen, Jan"]
[Black "Rasmussen, Morten Fredsgaard"]
[Result "0-1"]
[WhiteElo "1647"]
[BlackElo "1901"]
[EventDate "2018.07.21"]
[WhiteFideId "1426320"]
[BlackFideId "1410636"]

1.e4 c6 2.d4 d5 3.e5 Bf5 4.Bd3 Bg6 5.Ne2 e6 6.O-O c5 7.c3 Nc6 8.Bf4 Qb6 9.
b3 Rc8 10.Be3 Nh6 11.Bxh6 gxh6 12.Bxg6 hxg6 13.f4 Be7 14.Kh1 Rc7 15.g4 
cxd4 16.Nxd4 Nxd4 17.cxd4 Kd7 18.Qd3 Rhc8 19.a4 Rc2 20.f5 Qa6 21.Qxa6 bxa6
22.fxe6+ fxe6 23.Na3 Rb2 24.Rf3 Bxa3 25.Rf7+ Be7 26.Rh7 h5 27.gxh5 gxh5 
28.Rxh5 Rc3 29.Rh7 Rcxb3 30.Rg1 Rd3 31.h3 Rxd4 32.Rgg7 Rd1+ 33.Rg1 Rxg1+ 
34.Kxg1 Re2 35.h4 Rxe5 36.h5 d4 37.Kf2 d3 0-1

[Event "Xtracon Chess Open 2018"]
[Site "Elsinore"]
[Date "2018.07.22"]
[Round "2"]
[White "O`Gorman, Alice"]
[Black "Bernstein, Jonas August"]
[Result "1/2-1/2"]
[WhiteElo "1898"]
[BlackElo "1661"]
[EventDate "2018.07.21"]
[WhiteFideId "2508214"]
[BlackFideId "1532154"]

1.e4 c6 2.d4 d5 3.e5 c5 4.c4 dxc4 5.d5 e6 6.Bxc4 exd5 7.Bxd5 Qc7 8.Nf3 Ne7
9.Bc4 Ng6 10.O-O Be7 11.Nc3 O-O 12.Nd5 Qd8 13.Nxe7+ Qxe7 14.Bg5 Qc7 15.Re1
Nc6 16.e6 fxe6 17.Be3 Nce5 18.Be2 b6 19.Qb3 Nxf3+ 20.Bxf3 Rxf3 21.gxf3 Qf7
22.Bc1 Nh4 23.Qd3 Nxf3+ 24.Kf1 Nxe1 25.Kxe1 Bb7 26.Be3 Bd5 27.b3 Qf3 28.
Qf1 a5 29.Rd1 a4 30.Qb5 axb3 31.axb3 Ra2 32.Qe8+ Qf8 33.Qxf8+ Kxf8 34.b4 
cxb4 35.Bxb6 b3 36.Rb1 Bc4 37.Bd4 Kf7 38.Ra1 Re2+ 39.Kd1 Ra2 40.Rxa2 bxa2 
41.Kd2 g5 42.Ke3 Bd5 43.f4 Kg6 44.fxg5 Kxg5 45.Ba1 Kg4 46.Bb2 Kh3 47.Be5 
Kg2 48.h4 Kh3 49.Bf6 Kg4 50.Kf2 a1=Q 51.Bxa1 Kxh4 52.Be5 Kg4 53.Ke3 Kf5 
54.Bh2 e5 55.Bg3 e4 56.Bc7 Ke6 57.Bg3 Kd7 58.Bh4 Kc6 59.Bg3 Kc5 60.Bh4 Kc4
61.Bg3 Bb7 62.Bh4 Kd5 63.Bg3 Ke6 64.Bb8 Kf5 65.Bc7 Kg4 66.Bb8 Kh3 67.Kf2 
Kh4 68.Ke3 Kg4 69.Bc7 h5 70.Bb8 h4 71.Bc7 Kf5 72.Bd8 Kg4 73.Bc7 1/2-1/2

[Event "Xtracon Chess Open 2018"]
[Site "Elsinore"]
[Date "2018.07.22"]
[Round "2"]
[White "Kreken, Eivind Grunt"]
[Black "Alfven, Jorgen"]
[Result "1/2-1/2"]
[WhiteElo "1626"]
[BlackElo "1896"]
[EventDate "2018.07.21"]
[WhiteFideId "1532359"]
[BlackFideId "1715950"]

1.e4 c5 2.Nc3 Nc6 3.Nge2 e6 4.d4 cxd4 5.Nxd4 a6 6.Be3 Nf6 7.Be2 Bb4 8.f3 
Qc7 9.Qd2 O-O 10.g4 Nxd4 11.Bxd4 e5 12.Be3 Bxc3 13.Qxc3 Qxc3+ 14.bxc3 h6 
15.c4 b5 16.cxb5 axb5 17.Bxb5 Ba6 18.Ba4 d5 19.Bc6 Rac8 20.exd5 Rfd8 21.
Bb6 Rd6 22.Bc5 Rdxc6 23.dxc6 Rxc6 24.Bb4 Rxc2 25.Bd2 e4 26.fxe4 Nxe4 27.
Rd1 Rxa2 28.h4 Bb5 29.Rh2 Bd3 30.Bf4 Ra3 31.Rh3 Nc5 32.Bd6 Ra2 33.Rd2 Ra1+
34.Rd1 Ra2 35.Re3 Bc2 36.Bxc5 Bxd1 37.Kxd1 Ra4 38.Rg3 h5 39.gxh5 Rxh4 40.
Rg5 f6 41.Rf5 Kh7 42.Be3 1/2-1/2

[Event "Xtracon Chess Open 2018"]
[Site "Elsinore"]
[Date "2018.07.22"]
[Round "2"]
[White "Shehzad, Shazil"]
[Black "Fjallheim, Elmar Reinert"]
[Result "1-0"]
[WhiteElo "1896"]
[BlackElo "1635"]
[EventDate "2018.07.21"]
[WhiteFideId "1521942"]
[BlackFideId "7201095"]

1.e4 e6 2.d4 d5 3.Nd2 dxe4 4.Nxe4 Bd7 5.Nf3 Bc6 6.Bd3 Nd7 7.O-O Ngf6 8.Ng3
Bxf3 9.Qxf3 c6 10.Bf4 Nd5 11.Bd2 Bd6 12.c4 N5f6 13.Qe2 O-O 14.b4 Rc8 15.f4
Re8 16.Qf3 g6 17.Bc3 Qc7 18.Ne4 Nxe4 19.Bxe4 Nf6 20.Bd3 Nh5 21.g4 Ng7 22.
c5 Bf8 23.f5 exf5 24.gxf5 Nh5 25.Bc4 Re7 26.Qg4 Nf6 27.Qf3 Bg7 28.d5 cxd5 
29.Bb3 g5 30.Bxd5 Nxd5 31.Bxg7 Re3 32.Qxd5 Kxg7 33.f6+ Kh8 34.Rae1 Ree8 
35.Qd6 Red8 36.Re7 Rxd6 37.Rxc7 Rxc7 38.cxd6 Rd7 39.Re1 h6 40.Re7 Rxd6 41.
Rxf7 b6 42.Rxa7 Rxf6 43.a4 Rf4 44.b5 Kg8 45.a5 bxa5 46.b6 Rb4 47.b7 Rb1+ 
48.Kg2 Rb2+ 49.Kg3 1-0

[Event "Xtracon Chess Open 2018"]
[Site "Elsinore"]
[Date "2018.07.22"]
[Round "2"]
[White "Svane, Freja"]
[Black "Unneland, Mathias"]
[Result "0-1"]
[WhiteElo "1608"]
[BlackElo "1896"]
[EventDate "2018.07.21"]
[WhiteFideId "12940100"]
[BlackFideId "1525581"]

1.d4 Nf6 2.c4 g6 3.Nc3 Bg7 4.Bg5 O-O 5.Nf3 h6 6.Bh4 d6 7.e3 Bf5 8.Be2 c6 
9.O-O g5 10.Bg3 Qd7 11.Qd2 Nh5 12.Rfd1 Nxg3 13.hxg3 Na6 14.Rac1 Rac8 15.a3
c5 16.Nb5 cxd4 17.Nfxd4 Nc5 18.Nxf5 Qxf5 19.Nxa7 Ra8 20.Nb5 Qf6 21.Qd4 Qg6
22.Qd5 Bxb2 23.Rb1 Bxa3 24.Bd3 Nxd3 25.Qxd3 Qxd3 26.Rxd3 Bc5 27.Nc7 Ra7 
28.Nd5 Re8 29.Rdb3 b6 30.Nxb6 e6 31.g4 Kg7 32.g3 Rb8 33.Kg2 Rab7 0-1

[Event "Xtracon Chess Open 2018"]
[Site "Elsinore"]
[Date "2018.07.22"]
[Round "2"]
[White "Moller, Arne Vang"]
[Black "Jensen, Torben W."]
[Result "1/2-1/2"]
[WhiteElo "1890"]
[BlackElo "1615"]
[EventDate "2018.07.21"]
[WhiteFideId "1406175"]
[BlackFideId "1515942"]

1.e4 c5 2.Nf3 g6 3.d4 cxd4 4.Nxd4 Bg7 5.c3 d6 6.Be3 Nf6 7.f3 a6 8.Qd2 h6 
9.Bd3 Nc6 10.Nxc6 bxc6 11.O-O a5 12.Na3 c5 13.Rad1 Be6 14.Bc4 Qc8 15.Bxe6 
Qxe6 16.Nb5 Rc8 17.a4 h5 18.Bf4 O-O 19.Qc2 Nh7 20.Be3 f5 21.Bc1 fxe4 22.
Qxe4 Qxe4 23.fxe4 Be5 24.Na7 Rc7 25.Rxf8+ Nxf8 26.Nb5 Rb7 27.g3 Ne6 28.Kg2
Rb8 29.Rf1 Kg7 30.Na3 Bf6 31.Nc4 Bg5 32.Bxg5 Nxg5 33.Re1 Ra8 34.h4 Ne6 35.
Re2 Kf7 36.Nb6 Ra6 37.Nd5 Ra7 38.Kf3 Rb7 39.Ke3 c4 40.Kf3 Nc5 41.Ne3 Nxa4 
42.Nxc4 Rb5 43.Rd2 Ke6 44.Kf4 Rc5 45.Ne3 Nb6 46.Re2 1/2-1/2

[Event "Xtracon Chess Open 2018"]
[Site "Elsinore"]
[Date "2018.07.22"]
[Round "2"]
[White "Tonnesen, Jan Ryder"]
[Black "Brink, Nienke van den"]
[Result "0-1"]
[WhiteElo "1604"]
[BlackElo "1889"]
[EventDate "2018.07.21"]
[WhiteFideId "1461869"]
[BlackFideId "1452568"]

1.e4 e6 2.d4 d5 3.exd5 exd5 4.Nc3 Nf6 5.Nf3 Bg4 6.Be2 c6 7.Bg5 h6 8.Be3 
Bd6 9.h3 Bf5 10.Nh4 Bh7 11.Nf3 Nbd7 12.Bd3 Bxd3 13.Qxd3 Qc7 14.Nh4 O-O-O 
15.O-O-O g6 16.g3 Rde8 17.Ng2 Ne4 18.Nxe4 Rxe4 19.c3 Nb6 20.b3 Qe7 21.Rhe1
g5 22.Rd2 Re8 23.Kd1 a5 24.Rde2 a4 25.Bc1 f5 26.Qc2 axb3 27.axb3 Nd7 28.
Rxe4 fxe4 29.Ne3 Qf7 30.Qe2 Rf8 31.Rf1 Qe6 32.g4 Rf3 33.Rh1 Qf6 34.Nf5 
Rxc3 35.Nxd6+ Qxd6 0-1

[Event "Xtracon Chess Open 2018"]
[Site "Elsinore"]
[Date "2018.07.22"]
[Round "2"]
[White "Knudsen, Martin Mosgaard"]
[Black "Fjallheim, Leif Reinert"]
[Result "1/2-1/2"]
[WhiteElo "1590"]
[BlackElo "1886"]
[EventDate "2018.07.21"]
[WhiteFideId "1436937"]
[BlackFideId "7201788"]

1.d4 Nf6 2.Bf4 g6 3.e3 d6 4.Bd3 Bg7 5.c3 Nbd7 6.Nd2 b6 7.Ngf3 c5 8.Qe2 
cxd4 9.exd4 O-O 10.O-O Nd5 11.Bg5 Rb8 12.Rfe1 Re8 13.Rad1 h6 14.Bc4 N7f6 
15.Bxf6 Nxf6 16.Ne4 e6 17.Ng3 Bb7 18.Qd3 Nd5 19.Bb5 Rf8 20.Ba4 a6 21.Bc2 
Re8 22.h4 Nf4 23.Qe3 Nd5 24.Qd3 Nf4 25.Qe3 Nd5 26.Qd3 1/2-1/2

[Event "Xtracon Chess Open 2018"]
[Site "Elsinore"]
[Date "2018.07.22"]
[Round "2"]
[White "Bratteteig, Tore-Inge"]
[Black "Hansen, Verner"]
[Result "0-1"]
[WhiteElo "1585"]
[BlackElo "1876"]
[EventDate "2018.07.21"]
[WhiteFideId "1510711"]
[BlackFideId "1425285"]

1.d4 d5 2.Nf3 Nf6 3.Bf4 e6 4.e3 Nbd7 5.c4 c5 6.Nc3 cxd4 7.exd4 dxc4 8.Bxc4
Nb6 9.Bd3 Bd7 10.O-O Be7 11.h3 O-O 12.Ne5 Nfd5 13.Bg3 Rc8 14.Rc1 Bg5 15.
Rc2 Nb4 16.Nxd7 Nxd7 17.Re2 Nxd3 18.Qxd3 Nb6 19.Qe4 Qd7 20.Bf4 Bxf4 21.
Qxf4 Rc4 22.Rd2 Nd5 23.Nxd5 Qxd5 24.Qe5 Rd8 25.Rfd1 f6 26.Qe3 Rdc8 27.f3 
Kf7 28.Qe4 Qxe4 29.fxe4 Rc2 30.Kf2 R8c4 31.Ke3 Ke7 32.g4 Rc1 33.Kd3 e5 34.
Rxc1 Rxc1 35.dxe5 fxe5 36.Rf2 Rh1 37.Rf3 Rh2 38.Kc3 Re2 39.Kb3 Rxe4 40.Rc3
Rd4 41.Kc2 g5 42.Rf3 Ke6 43.Rf5 h6 44.Rf8 Rd7 45.Rf3 e4 46.Rf8 Ke5 47.Re8+
Kf4 48.Re6 e3 49.Rf6+ Kg3 0-1

[Event "Xtracon Chess Open 2018"]
[Site "Elsinore"]
[Date "2018.07.22"]
[Round "2"]
[White "Oland, Arne"]
[Black "Persson, Lars 1958"]
[Result "1-0"]
[WhiteElo "1875"]
[BlackElo "1588"]
[EventDate "2018.07.21"]
[WhiteFideId "1422081"]
[BlackFideId "1742469"]

1.f4 d5 2.e3 e6 3.Nf3 Nf6 4.b3 c5 5.Bb2 Be7 6.Nc3 O-O 7.Be2 Nbd7 8.O-O b6 
9.Ne5 Bb7 10.Bf3 a6 11.Qe1 Nxe5 12.fxe5 Nd7 13.Ne2 b5 14.Nf4 Qc7 15.Qg3 
Nxe5 16.Bxd5 exd5 17.Nh5 g6 18.Bxe5 Qc6 19.Nf6+ Bxf6 20.Rxf6 Qd7 21.Raf1 
d4 22.Rd6 Qe7 23.exd4 cxd4 24.Bf6 Qe4 25.Rxd4 Qxc2 26.Qg5 Qc6 27.Rh4 Qd5 
28.Qxd5 Bxd5 29.Rd4 Be6 30.Rd6 Rfc8 31.d4 Rc2 32.d5 Bf5 33.Re1 Rxa2 34.Rc6
Rd2 35.Rxa6 Rc8 36.Rc6 Ra8 37.d6 Be6 38.Rec1 h6 39.R1c5 g5 40.Rb6 Rd1+ 41.
Kf2 Ra2+ 42.Ke3 Re1+ 43.Kd4 Rd1+ 44.Kc3 Rxg2 45.Be5 Rc1+ 46.Kb4 Rg4+ 47.
Kxb5 Bd7+ 48.Rbc6 Rd1 49.Kb6 Kf8 50.Rc8+ Be8 51.Kc7 Rb4 52.Rc3 Rd5 53.Bf6 
Rdb5 54.Be7+ Kg7 55.Rxe8 Rb7+ 56.Kd8 f5 57.Bf8+ Kg6 58.Rc7 f4 59.Re6+ Kf5 
60.Ke7 Rxb3 61.Rxb7 Rxb7+ 62.d7 f3 63.Rf6+ Kg4 64.Ke8 Rxd7 65.Kxd7 h5 66.
Bd6 h4 67.Ke6 Kh5 68.Rxf3 g4 69.Rf5+ Kg6 70.Ra5 1-0

[Event "Xtracon Chess Open 2018"]
[Site "Elsinore"]
[Date "2018.07.22"]
[Round "2"]
[White "Madsen, Dennis"]
[Black "Arndt, Uwe"]
[Result "0-1"]
[WhiteElo "1578"]
[BlackElo "1873"]
[EventDate "2018.07.21"]
[WhiteFideId "1425919"]
[BlackFideId "24647713"]

1.d4 Nf6 2.Nc3 d5 3.f3 Nc6 4.e4 dxe4 5.Bb5 Bd7 6.fxe4 e6 7.Nf3 a6 8.Ba4 b5
9.Bb3 b4 10.e5 bxc3 11.exf6 Bb4 12.O-O gxf6 13.d5 Ne7 14.dxe6 Bxe6 15.Bxe6
Qxd1 16.Bxf7+ Kxf7 17.Rxd1 Rad8 18.Rf1 Rd5 19.b3 Rg8 20.Be3 Nf5 21.Bf2 
Rgd8 22.g4 Rg8 23.h3 h5 24.Nh4 Nd6 25.Rae1 hxg4 26.hxg4 Rxg4+ 0-1

[Event "Xtracon Chess Open 2018"]
[Site "Elsinore"]
[Date "2018.07.22"]
[Round "2"]
[White "Nordin, Eric"]
[Black "Lalla, Karol"]
[Result "1-0"]
[WhiteElo "1872"]
[BlackElo "1580"]
[EventDate "2018.07.21"]
[WhiteFideId "1711822"]
[BlackFideId "12947407"]

1.g3 f5 2.Nf3 Nf6 3.Bg2 e6 4.O-O d5 5.c4 c6 6.cxd5 exd5 7.d4 Bd6 8.Nc3 
Nbd7 9.Bg5 Qc7 10.Rc1 a6 11.Nh4 g6 12.Nxd5 Qd8 13.Nc3 O-O 14.e4 fxe4 15.
Nxe4 Be7 16.Bh6 Rf7 17.Ng5 Rf8 18.Qb3+ Kh8 19.Ne6 Qa5 20.Nxf8 Nxf8 21.Qf7 
Ne6 22.Qxe7 1-0

[Event "Xtracon Chess Open 2018"]
[Site "Elsinore"]
[Date "2018.07.22"]
[Round "2"]
[White "Wahlgreen, Noah"]
[Black "Rasmussen, Henrik Egede"]
[Result "0-1"]
[WhiteElo "1568"]
[BlackElo "1871"]
[EventDate "2018.07.21"]
[WhiteFideId "1457349"]
[BlackFideId "1417800"]

1.e4 Nc6 2.d4 e5 3.dxe5 Nxe5 4.f4 Nc6 5.Nf3 Nf6 6.e5 Qe7 7.Be2 Ne4 8.Qd5 
f5 9.Bd3 Nb4 10.Qc4 d5 11.Qb3 Be6 12.Nd4 Bf7 13.Nxf5 Qd7 14.Nd4 c5 15.Bb5 
Nc6 16.Bxc6 bxc6 17.Nf3 c4 18.Qe3 Bc5 19.Nd4 O-O 20.Nd2 Bg6 21.N2f3 Rab8 
22.b3 Bb4+ 23.Bd2 c3 24.Bc1 c5 25.Ne2 d4 26.Nexd4 cxd4 27.Qxd4 Qb5 28.Qd3 
Qxd3 29.cxd3 c2+ 30.Ke2 Nc5 31.d4 Ne6 32.g3 Be4 33.Bb2 Rfd8 34.Rac1 Rbc8 
35.a3 Bc3 36.Ba1 Nxd4+ 37.Nxd4 Bxh1 38.Bxc3 Rxc3 39.Kd2 Rxb3 40.Kxc2 Rc8+ 
41.Kxb3 Rxc1 42.e6 Bd5+ 43.Kb4 Rc4+ 0-1

[Event "Xtracon Chess Open 2018"]
[Site "Elsinore"]
[Date "2018.07.22"]
[Round "2"]
[White "Skaale, Janus"]
[Black "Rasmussen, Ole"]
[Result "1/2-1/2"]
[WhiteElo "1867"]
[BlackElo "1577"]
[EventDate "2018.07.21"]
[WhiteFideId "7201575"]
[BlackFideId "1417118"]

1.e4 c5 2.Nf3 d6 3.Bb5+ Bd7 4.Bxd7+ Nxd7 5.c4 g6 6.O-O Bg7 7.Nc3 Ngf6 8.d4
cxd4 9.Nxd4 O-O 10.b3 Nc5 11.f3 Qb6 12.Be3 Nfd7 13.Qd2 Rfe8 14.Rab1 Qd8 
15.b4 Ne6 16.Nxe6 fxe6 17.Nb5 a6 18.Nd4 Nf8 19.f4 Rc8 20.Qe2 d5 21.cxd5 
exd5 22.e5 e6 23.b5 Rc4 24.Rfc1 Rxc1+ 25.Rxc1 axb5 26.Nxb5 Re7 27.Nd6 Rc7 
28.Rb1 Qa8 29.Qb2 Qa6 30.Nxb7 Qd3 31.Bf2 Rc2 32.Qb3 Qd2 33.Qe3 Rxa2 34.
Qxd2 Rxd2 35.Nc5 Bh6 36.g3 Rc2 37.Rb8 g5 38.Nxe6 gxf4 39.Bc5 fxg3 40.hxg3 
Rxc5 1/2-1/2